000 01165pam a2200325 i 4500
999 _c28803
_d28774
001 816159
003 EG-ScBUE
005 20200923131615.0
008 760123t1976 nyua f b 001 0 eng d
020 _a0471902292
040 _aDLC
_beng
_erda
_cDLC
_dDLC
_dEG-ScBUE
082 0 4 _a536.7
_bVAN
_222
100 1 _aVan Wylen, Gordon J.
_q(Gordon John),
_d1920-
_eauthor.
245 1 0 _aFundamentals of classical thermodynamics /
_cGordon J. Van Wylen and Richard E. Sonntag.
250 _aSecond edition,
_bSI version.
264 1 _aNew York :
_bJohn Wiley and Sons, Inc.,
_c[1976]
264 4 _cc1976
300 _axiv, 718 pages, [2] fold. leaves of plates :
_billustrations ;
_c23 cm.
336 _2rdacontent
_atext
_btxt
337 _2rdamedia
_aunmediated
_bn
338 _2rdacarrier
_avolume
_bnc
490 0 _aSeries in thermal and transport sciences
504 _aIncludes bibliographical references and index.
650 7 _aThermodynamics.
_2BUEsh
653 _bGGEN
_cSeptember2020
655 _vReading book
_934232
700 1 _aSonntag, Richard Edwin,
_ejoint author.
_923608
906 _a7
_bcbc
_corignew
_d1
_eocip
_f19
_gy-gencatlg
942 _2ddc
_cBB